000 00292nam a22001337a 4500
008 171031b xxu||||| |||| 00| 0 eng d
020 _a9780072924473
041 _aeng
080 _29TH
_a33
100 _a59
101 _aBUS
245 _aBUSINESS AND SOCIETY
_cPOST,J.E
942 _2udc
_cBK
999 _c36851
_d36851